| 000 | 00599nam a2200181 i 4500 | ||
|---|---|---|---|
| 001 | 35460 | ||
| 003 | ES-MaACL | ||
| 005 | 20230906155131.0 | ||
| 007 | t| | ||
| 008 | 030213s1967 sp ||||1| spa d | ||
| 100 | 1 |
_aBoserup, Ester. _930688 |
|
| 245 | 1 | 4 |
_aLas condiciones del desarrollo en la agricultura / _cEster Boserup ; con un prólogo de Nicholas Kaldor ; [traducción por Angel Falder Rivero]. |
| 260 |
_aMadrid : _bTecnos, _c[1967] |
||
| 300 |
_a210 p. ; _c23 cm. |
||
| 700 | 1 |
_aKaldor, Nicholas. _967443 |
|
| 700 | 1 |
_aFalder Rivero, Angel. _948725 |
|
| 852 |
_aES-MaACL _jC-33025 _bR.63885 |
||
| 999 |
_c35460 _d35460 |
||